[Event "Mittelfranken-chTB1 1819"]
[Site "Mittelfranken"]
[Date "2018.11.04"]
[Round "2.8"]
[White "Pechan, Willi"]
[Black "Ziegler, Peter"]
[Result "1/2-1/2"]
[WhiteElo "1710"]
[BlackElo "1778"]
[PlyCount "62"]
[EventDate "2018.10.14"]
[EventType "team-tourn"]
[EventRounds "9"]
[EventCountry "GER"]
[SourceTitle "EXT 2022"]
[Source "ChessBase"]
[SourceDate "2021.10.06"]
[SourceVersion "1"]
[SourceVersionDate "2021.10.06"]
[SourceQuality "1"]
[WhiteTeam "Muehlhof/Schwabach"]
[BlackTeam "Nuernberg Zabo Eintracht"]
[WhiteTeamCountry "GER"]
[BlackTeamCountry "GER"]

1. e4 e6 2. d4 d5 3. Nc3 Bb4 4. e5 c5 5. a3 Bxc3+ 6. bxc3 Ne7 7. Qg4 Qc7 8. Be3 Nbc6 9. Bd3 cxd4 10. cxd4 Bd7 11. Ne2 0-0-0 12. 0-0 Na5 13. Rfb1 Rdg8 14. Bd2 Nc4 15. Be1 g5 16. Qf3 Nf5 17. Bxf5 exf5 18. Qxd5 Be6 19. Qf3 Rd8 20. Rb5 b6 21. a4 Qb7 22. Qxb7+ Kxb7 23. f3 Kc7 24. Kf2 Rd5 25. Rxd5 Bxd5 26. Nc3 Kc6 27. g3 h5 28. Na2 Rd8 29. Nb4+ Kc7 30. Nd3 Bc6 31. a5 Rxd4 1/2-1/2

[Event "Arber op Seniors 4th"]
[Site "Bodenmais"]
[Date "2016.08.04"]
[Round "6"]
[White "Pechan, Willi"]
[Black "Beutel, Hubert"]
[Result "1-0"]
[WhiteElo "1768"]
[BlackElo "1913"]
[PlyCount "85"]
[EventDate "2016.07.30"]
[EventType "swiss"]
[EventRounds "9"]
[EventCountry "GER"]
[SourceTitle "EXT 2017"]
[Source "ChessBase"]
[SourceDate "2016.10.25"]
[SourceVersion "1"]
[SourceVersionDate "2016.10.25"]
[SourceQuality "1"]

1. e4 d5 2. exd5 Qxd5 3. Nc3 Qa5 4. d4 c6 5. Nf3 Bf5 6. Bd3 Bxd3 7. Qxd3 Nf6 8. 0-0 e6 9. a3 Be7 10. Ne5 Nbd7 11. b4 Qd8 12. Bf4 0-0 13. Rad1 Rc8 14. Ne2 Qb6 15. c4 Qd8 16. Nc3 Re8 17. Rfe1 Nf8 18. Qf3 Ng6 19. Nxg6 hxg6 20. d5 exd5 21. cxd5 cxd5 22. Nxd5 Nxd5 23. Rxd5 Qb6 24. Rd7 Bf6 25. Rxe8+ Rxe8 26. Be3 Qa6 27. g4 Qc4 28. Rxb7 Qb3 29. Rxa7 Bd4 30. Ra8 Rxa8 31. Qxa8+ Kh7 32. Qe4 Qd1+ 33. Kg2 Bxe3 34. fxe3 Qe2+ 35. Kh3 Kh6 36. g5+ Kh7 37. Qf4 Kg8 38. a4 f6 39. b5 Qh5+ 40. Kg3 Qe2 41. b6 Qd1 42. b7 Qg1+ 43. Kh3 1-0

[Event "Mittelfranken-ch QT"]
[Site "Nuremberg"]
[Date "2016.03.26"]
[Round "7"]
[White "Pechan, Willi"]
[Black "Babichev, Vyacheslav"]
[Result "0-1"]
[WhiteElo "1737"]
[BlackElo "1818"]
[PlyCount "114"]
[EventDate "2016.03.23"]
[EventType "swiss"]
[EventRounds "7"]
[EventCountry "GER"]
[SourceTitle "EXT 2018"]
[Source "ChessBase"]
[SourceDate "2017.10.13"]
[SourceVersion "1"]
[SourceVersionDate "2017.10.13"]
[SourceQuality "1"]

1. e4 e5 2. Nf3 Nc6 3. d4 exd4 4. Nxd4 Bc5 5. Be3 Qf6 6. Nb5 Bb4+ 7. c3 Ba5 8. b4 a6 9. a4 Qd8 10. Nd4 Bb6 11. Bc4 Ne5 12. Bb3 d6 13. 0-0 Bg4 14. f3 Bh5 15. Nd2 h6 16. Nc4 Ba7 17. Qe2 Nf6 18. Nf5 0-0 19. Bxa7 Rxa7 20. Nxe5 dxe5 21. Rad1 Qe8 22. Qf2 Ra8 23. Rd2 Kh8 24. Rfd1 Qc6 25. Qg3 Bg6 26. Ne7 Qxc3 27. Rd3 Qxb4 28. Qxe5 Qb6+ 29. Kf1 Bh7 30. Qc3 c6 31. g4 Qc7 32. Nf5 Qxh2 33. R3d2 Qf4 34. Kg2 Bxf5 35. exf5 Rae8 36. Rf2 Kg8 37. Qb2 c5 38. Qc2 Qb4 39. Rb1 Qa5 40. Qc4 Rd8 41. Kg3 Rd4 42. Qc1 Qc7+ 43. Kg2 c4 44. Rc2 b5 45. Ba2 Qc6 46. Kf2 Qc5 47. Kg2 Qd5 48. Kf2 Rd8 49. Re2 Rd3 50. Qf4 Rd4 51. Qc1 Rd3 52. Qf4 Rd2 53. Rb2 Qc5+ 54. Kg3 Qg1+ 55. Kh4 R2d4 56. Qc7 Rxg4+ 57. Kh3 Qh1+ 0-1

[Event "Mittelfranken-ch QT"]
[Site "Nuremberg"]
[Date "2016.03.24"]
[Round "3"]
[White "Pechan, Willi"]
[Black "Burger, Thomas"]
[Result "1-0"]
[WhiteElo "1737"]
[BlackElo "1814"]
[PlyCount "55"]
[EventDate "2016.03.23"]
[EventType "swiss"]
[EventRounds "7"]
[EventCountry "GER"]
[SourceTitle "EXT 2018"]
[Source "ChessBase"]
[SourceDate "2017.10.13"]
[SourceVersion "1"]
[SourceVersionDate "2017.10.13"]
[SourceQuality "1"]

1. e4 c6 2. d4 d5 3. exd5 cxd5 4. Nf3 Nf6 5. Bd3 Nc6 6. c3 Bg4 7. h3 Bxf3 8. Qxf3 e6 9. Bg5 Be7 10. 0-0 0-0 11. Re1 h6 12. Bf4 Bd6 13. Nd2 Bxf4 14. Qxf4 Qb8 15. Qe3 Qd6 16. Nf3 Rac8 17. g4 h5 18. Qg5 hxg4 19. hxg4 Ne4 20. Bxe4 dxe4 21. Rxe4 Qe7 22. Qh5 g6 23. Qh6 Qf6 24. g5 Qg7 25. Qh3 Ne7 26. Ne5 Rcd8 27. Ng4 Nd5 28. Nh6+ 1-0

[Event "Nuremberg Zabo op 15th"]
[Site "Nuremberg"]
[Date "2013.09.21"]
[Round "3"]
[White "Plato, Laurenz"]
[Black "Pechan, Willi"]
[Result "0-1"]
[WhiteElo "1391"]
[BlackElo "1736"]
[PlyCount "87"]
[EventDate "2013.09.20"]
[EventType "swiss"]
[EventRounds "5"]
[EventCountry "GER"]
[SourceTitle "EXT 2016"]
[Source "ChessBase"]
[SourceDate "2015.10.08"]
[SourceVersion "1"]
[SourceVersionDate "2015.10.08"]
[SourceQuality "1"]

1. e4 e6 2. c4 d5 3. cxd5 exd5 4. exd5 Qxd5 5. Nf3 Nf6 6. Nc3 Qd8 7. Bb5+ c6 8. Ba4 Bd6 9. Qe2+ Qe7 10. Qxe7+ Bxe7 11. 0-0 0-0 12. Re1 Re8 13. d3 h6 14. Ne4 Nxe4 15. Rxe4 Bf5 16. Re3 Na6 17. Nd4 Bd7 18. Bb3 Bf6 19. Rxe8+ Rxe8 20. Be3 c5 21. Nf3 Bxb2 22. Re1 b6 23. Kf1 Bf5 24. Bc4 Nb4 25. d4 cxd4 26. Bxd4 Rxe1+ 27. Kxe1 Nc2+ 28. Kd2 Nxd4 29. Ne5 Nb3+ 30. axb3 Bxe5 31. g3 g5 32. Ke3 Bb2 33. f4 Kg7 34. fxg5 hxg5 35. Kf3 Be6 36. Bxe6 fxe6 37. g4 Kf6 38. Ke4 a5 39. Kd3 b5 40. Kc2 Bd4 41. Kd3 Ke5 42. Kc2 Kf4 43. Kd3 Bf6 44. h3 0-1

[Event "Mittelfranken-chTB2b 1213"]
[Site "Germany"]
[Date "2013.04.21"]
[Round "8.8"]
[White "Niebler, Andreas"]
[Black "Pechan, Willi"]
[Result "1-0"]
[WhiteElo "1784"]
[BlackElo "1724"]
[PlyCount "97"]
[EventDate "2012.10.07"]
[EventType "team-tourn"]
[EventRounds "9"]
[EventCountry "GER"]
[SourceTitle "EXT 2019"]
[Source "ChessBase"]
[SourceDate "2018.10.10"]
[SourceVersion "1"]
[SourceVersionDate "2018.10.10"]
[SourceQuality "1"]
[WhiteTeam "Neumarkt"]
[BlackTeam "Muehlhof/Schwabach"]
[WhiteTeamCountry "GER"]
[BlackTeamCountry "GER"]

1. d4 Nf6 2. c4 e6 3. Nc3 c5 4. e3 d5 5. Nf3 cxd4 6. exd4 g6 7. Be2 Bg7 8. 0-0 0-0 9. Bf4 Nc6 10. Re1 dxc4 11. Bxc4 Nd5 12. Be5 Bxe5 13. Nxe5 Nxc3 14. bxc3 Qc7 15. Nxc6 bxc6 16. Re5 Bd7 17. Qd2 Kg7 18. Rae1 Rab8 19. h4 f6 20. R5e2 Rfe8 21. Bxe6 Bxe6 22. Rxe6 Rxe6 23. Rxe6 Rb1+ 24. Re1 Rxe1+ 25. Qxe1 Kf7 26. Qb1 Qe7 27. Kf1 h5 28. g3 Qd7 29. Qb3+ Kg7 30. Kg2 Qe7 31. Qb1 Kf7 32. Qd3 Qe6 33. c4 Kg7 34. d5 cxd5 35. Qxd5 Qe7 36. a4 g5 37. hxg5 fxg5 38. a5 Kf6 39. a6 Qe6 40. Qf3+ Kg6 41. Qd5 Qxd5+ 42. cxd5 Kf5 43. f4 g4 44. Kf2 Kf6 45. Ke2 Kg6 46. d6 Kf6 47. f5 Kf7 48. Ke3 Ke8 49. f6 1-0

[Event "Mittelfranken-chTB2b 0910"]
[Site "Mittelfranken"]
[Date "2010.04.18"]
[Round "9.7"]
[White "Niebler, Andreas"]
[Black "Pechan, Willi"]
[Result "1/2-1/2"]
[WhiteElo "1793"]
[BlackElo "1727"]
[PlyCount "39"]
[EventDate "2009.10.11"]
[EventType "team-tourn"]
[EventRounds "9"]
[EventCountry "GER"]
[SourceTitle "EXT 2011"]
[Source "ChessBase"]
[SourceDate "2010.11.26"]
[SourceVersion "1"]
[SourceVersionDate "2010.11.26"]
[SourceQuality "1"]
[WhiteTeam "Neumarkt"]
[BlackTeam "Schwabach"]
[WhiteTeamCountry "GER"]
[BlackTeamCountry "GER"]

1. d4 Nf6 2. c4 e6 3. Nf3 d5 4. Nc3 Be7 5. e3 0-0 6. Bd3 dxc4 7. Bxc4 c5 8. 0-0 Nc6 9. a3 a6 10. dxc5 Bxc5 11. b4 Bd6 12. Bb2 Ne5 13. Be2 Qc7 14. h3 Bd7 15. Rc1 Bc6 16. Nd4 Rfd8 17. Qb3 Qe7 18. f4 Ng6 19. Rce1 Be4 20. Bf3 1/2-1/2

[Event "Mittelfranken-chTB2b 0910"]
[Site "Mittelfranken"]
[Date "2010.03.14"]
[Round "8.6"]
[White "Kiefer, Johannes"]
[Black "Pechan, Willi"]
[Result "1-0"]
[WhiteElo "1794"]
[BlackElo "1735"]
[PlyCount "93"]
[EventDate "2009.10.11"]
[EventType "team-tourn"]
[EventRounds "9"]
[EventCountry "GER"]
[SourceTitle "EXT 2011"]
[Source "ChessBase"]
[SourceDate "2010.11.26"]
[SourceVersion "1"]
[SourceVersionDate "2010.11.26"]
[SourceQuality "1"]
[WhiteTeam "Heilsbronn"]
[BlackTeam "Schwabach"]
[WhiteTeamCountry "GER"]
[BlackTeamCountry "GER"]

1. Nc3 e5 2. Nf3 Nc6 3. d4 exd4 4. Nxd4 Bb4 5. Nxc6 bxc6 6. Qd4 Bxc3+ 7. Qxc3 Qf6 8. Qg3 d6 9. c3 h6 10. e4 Ne7 11. h4 Qe5 12. Qxe5 dxe5 13. f4 a5 14. h5 Ba6 15. fxe5 Kd7 16. Bf4 Ke6 17. c4 Rhd8 18. g3 Rd4 19. Bh3+ f5 20. exf5+ Nxf5 21. 0-0 Bxc4 22. Rf2 Rf8 23. g4 Nh4 24. Be3 Rxf2 25. Kxf2 Re4 26. Re1 Kxe5 27. Kg3 g5 28. hxg6 Nxg6 29. Bg2 Rxe3+ 30. Rxe3+ Kd6 31. Ra3 Ne5 32. Rxa5 Be2 33. Bh3 Nc4 34. Rh5 Nxb2 35. Rxh6+ Kc5 36. Bg2 Bb5 37. g5 Nc4 38. g6 Ne3 39. Be4 Kd4 40. Kf4 Bc4 41. a4 c5 42. a5 Nd5+ 43. Bxd5 Bxd5 44. g7 c4 45. a6 c3 46. Rh2 Kd3 47. a7 1-0

[Event "Mittelfranken-chTB2b 0910"]
[Site "Mittelfranken"]
[Date "2009.12.06"]
[Round "4.7"]
[White "Strnad, Alfred"]
[Black "Pechan, Willi"]
[Result "1/2-1/2"]
[WhiteElo "1910"]
[BlackElo "1735"]
[PlyCount "51"]
[EventDate "2009.10.11"]
[EventType "team-tourn"]
[EventRounds "9"]
[EventCountry "GER"]
[SourceTitle "EXT 2011"]
[Source "ChessBase"]
[SourceDate "2010.11.26"]
[SourceVersion "1"]
[SourceVersionDate "2010.11.26"]
[SourceQuality "1"]
[WhiteTeam "Heideck/Hilpoltstein"]
[BlackTeam "Schwabach"]
[WhiteTeamCountry "GER"]
[BlackTeamCountry "GER"]

1. d4 d5 2. c4 dxc4 3. Nf3 Nf6 4. e3 e6 5. Bxc4 c5 6. 0-0 a6 7. a4 Nc6 8. Nc3 cxd4 9. exd4 Be7 10. Re1 0-0 11. Bf4 Re8 12. Rc1 Bd6 13. Bxd6 Qxd6 14. d5 exd5 15. Rxe8+ Nxe8 16. Bxd5 Be6 17. Bxc6 Qxc6 18. Ng5 Rc8 19. Nxe6 Qxe6 20. h3 Nf6 21. Qd2 Re8 22. Rd1 h6 23. Kf1 Qc4+ 24. Qd3 Qb4 25. Rd2 Qc5 26. Re2 1/2-1/2

[Event "Mittelfrankenliga-B2b 0708"]
[Site "Mittelfranken"]
[Date "2008.04.27"]
[Round "9.5"]
[White "Wirth, Karl Heinz"]
[Black "Pechan, Willi"]
[Result "1/2-1/2"]
[WhiteElo "1731"]
[BlackElo "1810"]
[PlyCount "74"]
[EventDate "2007.10.14"]
[EventType "team-tourn"]
[EventRounds "9"]
[EventCountry "GER"]
[SourceTitle "EXT 2011"]
[Source "ChessBase"]
[SourceDate "2010.11.26"]
[SourceVersion "1"]
[SourceVersionDate "2010.11.26"]
[SourceQuality "1"]
[WhiteTeam "Muehlhof"]
[BlackTeam "Schwabach"]
[WhiteTeamCountry "GER"]
[BlackTeamCountry "GER"]

1. e4 e5 2. f4 d5 3. exd5 e4 4. d3 Nf6 5. dxe4 Nxe4 6. Be3 Bb4+ 7. c3 Qh4+ 8. g3 Nxg3 9. Nf3 Qe7 10. hxg3 Qxe3+ 11. Qe2 Bc5 12. Nbd2 Bf5 13. 0-0-0 Qxe2 14. Bxe2 Nd7 15. Ng5 0-0 16. g4 Rfe8 17. Rde1 h6 18. gxf5 hxg5 19. fxg5 Bf2 20. Nf3 Bxe1 21. Rxe1 Re3 22. Kd2 Rae8 23. g6 fxg6 24. d6 Kf8 25. dxc7 R3e7 26. fxg6 Nb6 27. Ng5 Re5 28. Nh7+ Ke7 29. Ng5 Kd7 30. Nf3 Rd5+ 31. Nd4 Kxc7 32. Rf1 Re7 33. Bd3 Rh5 34. Rf7 Rh2+ 35. Kd1 Kd8 36. Rf8+ Kd7 37. Rf7 Kd8 1/2-1/2

[Event "Mittelfrankenliga-B2b 0708"]
[Site "Mittelfranken"]
[Date "2008.04.13"]
[Round "8.5"]
[White "Schuster, Norbert"]
[Black "Pechan, Willi"]
[Result "1/2-1/2"]
[WhiteElo "1815"]
[BlackElo "1810"]
[PlyCount "54"]
[EventDate "2007.10.14"]
[EventType "team-tourn"]
[EventRounds "9"]
[EventCountry "GER"]
[SourceTitle "EXT 2011"]
[Source "ChessBase"]
[SourceDate "2010.11.26"]
[SourceVersion "1"]
[SourceVersionDate "2010.11.26"]
[SourceQuality "1"]
[WhiteTeam "Buechenbach/Roth II"]
[BlackTeam "Schwabach"]
[WhiteTeamCountry "GER"]
[BlackTeamCountry "GER"]

1. e4 e6 2. d4 d5 3. exd5 exd5 4. c4 Nf6 5. Bg5 Be7 6. Nf3 0-0 7. Bd3 Bb4+ 8. Nc3 Re8+ 9. Be3 dxc4 10. Bxc4 Be6 11. Bxe6 Rxe6 12. 0-0 Nd5 13. Qb3 Bxc3 14. bxc3 Nc6 15. c4 Na5 16. Qd3 Nxe3 17. fxe3 Qe7 18. Rae1 Re8 19. Qf5 Nxc4 20. Ng5 Rg6 21. Qxf7+ Qxf7 22. Nxf7 Rxe3 23. Nd8 Rd6 24. Nxb7 Rxd4 25. Nc5 Rd5 26. Ne6 Rxe1 27. Rxe1 Re5 1/2-1/2

[Event "Mittelfrankenliga-B2b 0708"]
[Site "Mittelfranken"]
[Date "2008.03.02"]
[Round "7.5"]
[White "Pechan, Willi"]
[Black "Truempelmann, Jochen"]
[Result "0-1"]
[WhiteElo "1810"]
[BlackElo "1932"]
[PlyCount "104"]
[EventDate "2007.10.14"]
[EventType "team-tourn"]
[EventRounds "9"]
[EventCountry "GER"]
[SourceTitle "EXT 2011"]
[Source "ChessBase"]
[SourceDate "2010.11.26"]
[SourceVersion "1"]
[SourceVersionDate "2010.11.26"]
[SourceQuality "1"]
[WhiteTeam "Schwabach"]
[BlackTeam "Cadolzburg"]
[WhiteTeamCountry "GER"]
[BlackTeamCountry "GER"]

1. e4 e5 2. Nf3 Nc6 3. d4 exd4 4. Nxd4 Bc5 5. Be3 Qf6 6. c3 Nge7 7. Be2 d5 8. Bf3 Ne5 9. Nd2 Nxf3+ 10. N4xf3 Bxe3 11. fxe3 Qb6 12. 0-0 dxe4 13. Qa4+ Qc6 14. Qxc6+ Nxc6 15. Nxe4 0-0 16. Nd4 Ne5 17. b3 b6 18. Rad1 Bb7 19. Ng5 h6 20. Ngf3 Ng4 21. Rfe1 Rfe8 22. h3 Nxe3 23. Rd3 Nd5 24. Rxe8+ Rxe8 25. Nb5 a6 26. c4 axb5 27. cxd5 b4 28. Kf2 Rd8 29. Rd4 Rxd5 30. Rxb4 Ra5 31. a4 Bd5 32. Nd2 Kf8 33. g3 Be6 34. h4 Ke7 35. Ke3 Re5+ 36. Kf4 Re2 37. Nf3 Rb2 38. Nd4 Bd5 39. Nf5+ Kf6 40. Nd4 g5+ 41. Ke3 gxh4 42. gxh4 Rh2 43. Rb5 Rh3+ 44. Kd2 Ke5 45. Nc6+ Kd6 46. Nd4 Be4 47. Rb4 Ke5 48. Ne2 Rxh4 49. Nc3 Rh2+ 50. Ke3 Rh3+ 51. Kd2 Rd3+ 52. Kc2 Rd4+ 0-1

[Event "Mittelfrankenliga-B1 0607"]
[Site "Mittelfranken"]
[Date "2007.05.06"]
[Round "9.5"]
[White "Hirn, Oskar"]
[Black "Pechan, Willi"]
[Result "1-0"]
[WhiteElo "2147"]
[BlackElo "1768"]
[PlyCount "33"]
[EventDate "2006.10.22"]
[EventType "team-tourn"]
[EventRounds "9"]
[EventCountry "GER"]
[SourceTitle "EXT 2011"]
[Source "ChessBase"]
[SourceDate "2010.11.26"]
[SourceVersion "1"]
[SourceVersionDate "2010.11.26"]
[SourceQuality "1"]
[WhiteTeam "Nuernberg NT III"]
[BlackTeam "Schwabach"]
[WhiteTeamCountry "GER"]
[BlackTeamCountry "GER"]

1. d4 Nf6 2. c4 d5 3. Nc3 e6 4. Nf3 c6 5. e3 Bb4 6. Qc2 Nbd7 7. a3 Bxc3+ 8. Qxc3 0-0 9. Bd3 dxc4 10. Qxc4 Nb6 11. Qc2 Nbd5 12. e4 Ne7 13. e5 Nfd5 14. Bxh7+ Kh8 15. Bd3 g6 16. h4 Kg7 17. Bg5 1-0

[Event "Mittelfrankenliga-B2b 0506"]
[Site "Germany"]
[Date "2006.04.02"]
[Round "9.2"]
[White "Reizine, Viatcheslav"]
[Black "Pechan, Willi"]
[Result "1/2-1/2"]
[WhiteElo "1944"]
[BlackElo "1788"]
[PlyCount "52"]
[EventDate "2005.10.16"]
[EventType "team"]
[EventRounds "9"]
[EventCountry "GER"]
[SourceTitle "EXT 2007"]
[Source "ChessBase"]
[SourceDate "2006.11.23"]
[SourceVersion "1"]
[SourceVersionDate "2006.11.23"]
[SourceQuality "1"]

1. e4 e6 2. f4 d5 3. e5 c5 4. Nf3 Nc6 5. d4 Nh6 6. Nc3 Nf5 7. Bb5 Bd7 8. Bxc6 Bxc6 9. Ne2 Nh4 10. 0-0 Nf5 11. c3 cxd4 12. cxd4 Bb4 13. Bd2 Bxd2 14. Qxd2 Qb6 15. g4 Ne7 16. Ng3 g6 17. a4 a5 18. Kh1 Bd7 19. Ng5 0-0 20. Rg1 Rac8 21. Qf2 f6 22. exf6 Rxf6 23. f5 exf5 24. gxf5 Nxf5 25. Nxf5 Bxf5 26. Qh4 h5 1/2-1/2

[Event "Mittelfrankenliga-B2b 0506"]
[Site "Germany"]
[Date "2006.03.19"]
[Round "7.4"]
[White "Kelm, Klaus"]
[Black "Pechan, Willi"]
[Result "0-1"]
[WhiteElo "1881"]
[BlackElo "1797"]
[PlyCount "42"]
[EventDate "2005.10.16"]
[EventType "team"]
[EventRounds "9"]
[EventCountry "GER"]
[SourceTitle "EXT 2007"]
[Source "ChessBase"]
[SourceDate "2006.11.23"]
[SourceVersion "1"]
[SourceVersionDate "2006.11.23"]
[SourceQuality "1"]

1. c4 Nf6 2. b3 e6 3. g3 d5 4. Nf3 g6 5. Bb2 Bg7 6. Bg2 0-0 7. 0-0 c6 8. Qc2 a5 9. a3 Nbd7 10. d4 Ne4 11. Nbd2 f5 12. e3 Qf6 13. b4 b6 14. b5 c5 15. Rac1 Qe7 16. dxc5 Ndxc5 17. Bxg7 Qxg7 18. cxd5 exd5 19. Nb3 Be6 20. Nfd4 Bd7 21. Qd3 Nxd3 0-1

[Event "Mittelfrankenliga-B2b 0506"]
[Site "Germany"]
[Date "2005.11.20"]
[Round "2.4"]
[White "Wegmann, Wolfgang"]
[Black "Pechan, Willi"]
[Result "1-0"]
[WhiteElo "1725"]
[BlackElo "1797"]
[PlyCount "101"]
[EventDate "2005.10.16"]
[EventType "team"]
[EventRounds "9"]
[EventCountry "GER"]
[SourceTitle "EXT 2007"]
[Source "ChessBase"]
[SourceDate "2006.11.23"]
[SourceVersion "1"]
[SourceVersionDate "2006.11.23"]
[SourceQuality "1"]

1. e4 e6 2. d4 d5 3. e5 c5 4. c3 Nc6 5. Nf3 Qb6 6. Bd3 Bd7 7. dxc5 Bxc5 8. 0-0 Qc7 9. b4 Bb6 10. Qe2 a6 11. Bd2 Nge7 12. a4 Ng6 13. Re1 0-0 14. h4 f5 15. h5 Nh8 16. Be3 Bxe3 17. Qxe3 Be8 18. h6 Bg6 19. Ng5 Qe7 20. hxg7 Kxg7 21. f4 Nf7 22. Nxf7 Rxf7 23. Nd2 Bh5 24. Be2 Bxe2 25. Rxe2 Rg8 26. Nf3 Kh8 27. Ng5 Rfg7 28. Qh3 Rg6 29. Kf2 Qg7 30. Rh1 Rd8 31. Qxh7+ Qxh7 32. Rxh7+ Kg8 33. Rxb7 d4 34. Rc7 d3 35. Rd2 Nxe5 36. fxe5 Rxg5 37. b5 axb5 38. axb5 Rg7 39. Rxg7+ Kxg7 40. Ke3 Rd5 41. c4 Rxe5+ 42. Kxd3 Rc5 43. b6 Rc8 44. b7 Rb8 45. Rb2 Kf6 46. c5 Ke7 47. Kd4 Kd7 48. Rb6 Kc7 49. Ke5 Rxb7 50. Rxb7+ Kxb7 51. Kxe6 1-0

[Event "Mittelfranken-chT 0405"]
[Site "Germany"]
[Date "2005.03.13"]
[Round "7.4"]
[White "Pechan, Willi"]
[Black "Horstmann, Uwe"]
[Result "0-1"]
[WhiteElo "1744"]
[BlackElo "1801"]
[PlyCount "66"]
[EventDate "2004.10.17"]
[EventType "team"]
[EventRounds "9"]
[EventCountry "GER"]
[SourceTitle "EXT 2007"]
[Source "ChessBase"]
[SourceDate "2006.11.23"]
[SourceVersion "1"]
[SourceVersionDate "2006.11.23"]
[SourceQuality "1"]

1. e4 c5 2. c3 e5 3. Nf3 Nc6 4. d4 exd4 5. cxd4 cxd4 6. Nxd4 Nf6 7. Nxc6 dxc6 8. Qxd8+ Kxd8 9. Bg5 h6 10. Bxf6+ gxf6 11. Nc3 Bb4 12. 0-0-0+ Ke7 13. Kc2 Be6 14. a3 Bc5 15. Rd2 a5 16. a4 Bb4 17. Be2 Bc5 18. Bd3 Rhg8 19. g3 Rad8 20. f3 Rd4 21. Rhd1 Rb4 22. Kc1 Be3 23. Kb1 Bxd2 24. Rxd2 Rd4 25. Ne2 Rxa4 26. Bc2 Rb4 27. Nf4 Rd8 28. Rxd8 Kxd8 29. Kc1 Rd4 30. Nh5 Ke7 31. Nf4 b5 32. Ne2 Rd8 33. Nc3 a4 0-1

[Event "Mittelfranken-chT 0405"]
[Site "Germany"]
[Date "2004.12.05"]
[Round "3.6"]
[White "Pechan, Willi"]
[Black "Frank, Werner1111"]
[Result "0-1"]
[WhiteElo "1744"]
[BlackElo "1892"]
[PlyCount "120"]
[EventDate "2004.10.17"]
[EventType "team"]
[EventRounds "9"]
[EventCountry "GER"]
[SourceTitle "EXT 2007"]
[Source "ChessBase"]
[SourceDate "2006.11.23"]
[SourceVersion "1"]
[SourceVersionDate "2006.11.23"]
[SourceQuality "1"]

1. e4 e5 2. Nf3 d6 3. d4 f5 4. Nc3 fxe4 5. Nxe4 d5 6. Ng3 e4 7. Ne5 Nf6 8. Be2 Bd6 9. f4 0-0 10. 0-0 c5 11. Be3 cxd4 12. Bxd4 Nc6 13. c4 Nxd4 14. Qxd4 Qc7 15. Kh1 Bc5 16. Qd2 e3 17. Qd1 d4 18. b4 Bxb4 19. Qxd4 Bc5 20. Qc3 Be6 21. Rad1 Rad8 22. h3 Nd7 23. Ne4 Nxe5 24. Nxc5 Qxc5 25. Rxd8 Rxd8 26. fxe5 Rd2 27. Bf3 b5 28. Re1 bxc4 29. Qxe3 Qxe3 30. Rxe3 Rd3 31. Re2 Kf7 32. Kg1 g6 33. Kf2 Ra3 34. Rb2 c3 35. Rb7+ Kf8 36. Rb8+ Kg7 37. Rb7+ Kh6 38. Rc7 Rxa2+ 39. Ke3 c2 40. Kd2 Ra5 41. Kxc2 Rxe5 42. Rxa7 Bd5 43. Bxd5 Rxd5 44. Rf7 Rd8 45. Kc3 Rd1 46. Kc2 Rg1 47. Rf2 Kg5 48. Kd2 Kh4 49. Ke3 Kg3 50. Rf7 h5 51. Rg7 Re1+ 52. Kd2 Re6 53. Rc7 Kxg2 54. Rc3 Rf6 55. Ke2 Rf2+ 56. Ke1 Rf3 57. Rc6 Rg3 58. h4 Kh3 59. Rc4 Rg4 60. Rc3+ Kxh4 0-1